| Tag |
First Indicator |
Second Indicator |
Subfields |
| LEADER |
00000cam a2200000 4500 |
| 001 |
in00000040429 |
| 005 |
20151007074411.0 |
| 008 |
800611s1944 fr abf b 00000 fre c |
| 010 |
|
|
|a af 47003060
|
| 035 |
|
|
|a (OCoLC)06410193
|
| 035 |
|
|
|9 AAF1463AM
|
| 040 |
|
|
|a Havard univ. Library
|c TXA
|d UtOrBLW
|
| 049 |
|
|
|a TXAM
|c [181920]
|
| 050 |
|
4 |
|a QL696.P248
|b O55
|
| 092 |
|
|
|a 598.2
|b O49m
|
| 100 |
1 |
|
|a Olivier, Georges G. F.
|
| 245 |
1 |
0 |
|a Monographie des pies-grieches du genre Lanius /
|c Preface de J. Berlioz ...
|
| 264 |
|
1 |
|a Rouen :
|b Lecerf,
|c 1944.
|
| 300 |
|
|
|a 4 pages ., [11]-326 pages :
|b color frontispiece, illustrations (including maps) XIV (i.e. 17) plate (part color) double diagram ;
|c 25 cm.
|
| 336 |
|
|
|a text
|b txt
|2 rdacontent
|
| 337 |
|
|
|a unmediated
|b n
|2 rdamedia
|
| 338 |
|
|
|a volume
|b nc
|2 rdacarrier
|
| 500 |
|
|
|a Some plates accompanied by leaves with explanatory letterpress.
|
| 504 |
|
|
|a "Bibliographie": pages [301]-317.
|
| 650 |
|
0 |
|a Shrikes.
|
| 949 |
|
|
|a updated
|b h
|c 2005/12/7
|e fpiscitelli
|f 5:25:37 pm
|
| 999 |
|
|
|a MARS
|
| 999 |
f |
f |
|s aa6bab97-da15-395f-8f02-d63ea259faf6
|i 79585763-0407-3405-96f7-f6050e8973d6
|t 0
|
| 952 |
f |
f |
|p ric
|a Texas A&M University
|b Rellis Campus
|c Joint Library Facility
|d Remote Storage
|t 0
|e QL696.P248 O55
|h Library of Congress classification
|i unmediated -- volume
|m A14801022028
|
| 998 |
f |
f |
|a QL696.P248 O55
|t 0
|l Remote Storage
|